La hora de la acción católica

Guardat en:
Dades bibliogràfiques
Autor principal: Larraín Errázuriz, Manuel (autor)
Format: Llibre
Idioma:espanyol
Publicat: Santiago, Chile Del Pacífico 1956
Matèries:
Etiquetes: Afegir etiqueta
Sense etiquetes, Sigues el primer a etiquetar aquest registre!

MARC

LEADER 00000nam a2200000 a 4500
001 UCL3983
003 CL-VaPUC
005 20250103100358.0
008 031219e19560400CL |||||||||||||||||spa|d
999 |c 306947  |d 306945 
040 |c Pontificia Universidad Católica de Valparaíso 
082 0 4 |a 262.15 LAR 1956  |2 21 
100 0 |a Larraín Errázuriz, Manuel  |e autor  |9 481429 
245 1 3 |a La hora de la acción católica 
260 0 3 |a Santiago, Chile  |b Del Pacífico  |c 1956 
300 |a 82 páginas 
583 |a last modification  |c 20031219 00:00:00  |k Rodrigo Vera 
650 0 |a Acción católica  |9 257808 
650 0 |a Iglesia Católica  |9 256114 
942 |c BK  |2 ddc 
945 |d 20031219 00:00:00  |a vberengu 
952 |0 0  |1 0  |2 ddc  |4 0  |6 262_150000000000000_LAR_1956  |7 0  |8 A  |9 372391  |a BIBTEO  |b BIBTEO  |d 2019-11-21  |i 2098644  |o 262.15 LAR 1956  |p 2098644  |r 2025-01-17  |t 1  |w 2019-11-21  |y BK  |k ICR